Normal view MARC view
  • Concrete bridges

Entry Topical Term

Number of records used in: 2

001 - CONTROL NUMBER

  • control field: 21715

003 - CONTROL NUMBER IDENTIFIER

  • control field: NUST

005 - DATE AND TIME OF LATEST TRANSACTION

  • control field: 20190927094944.0

008 - FIXED-LENGTH DATA ELEMENTS

  • fixed length control field: 190927|| aca||aabn | a|a d

040 ## - CATALOGING SOURCE

  • Original cataloging agency: NUST
  • Transcribing agency: NUST

150 ## - HEADING--TOPICAL TERM

  • Topical term or geographic name entry element: Concrete bridges
  • General subdivision: Deterioration.

670 ## - SOURCE DATA FOUND

  • Source citation: Work cat.: (NUST)0: Manning, David G. 21497, Durability of prestressed concrete highway structures /, [1988].
© 2023 Central Library, National University of Sciences and Technology. All Rights Reserved.